Integrated Control of Root-Knot Nematode on Cucumber in Egypt and South Africa / (رقم التسجيلة. 164346)

تفاصيل مارك
000 -LEADER
fixed length control field 01935nam a2200301Ia 4500
005 - DATE AND TIME OF LATEST TRANSACTION
control field 20250223033125.0
008 - FIXED-LENGTH DATA ELEMENTS--GENERAL INFORMATION
fixed length control field 231030s9999 xx 000 0 und d
049 ## - LOCAL HOLDINGS (OCLC)
Holding library -Depisied
082 ## - DEWEY DECIMAL CLASSIFICATION NUMBER
Classification number 100
097 ## - Thesis Degree
Thesis Level Ph.D
099 ## - LOCAL FREE-TEXT CALL NUMBER (OCLC)
Classification number Cai01.16.03.ph.D.2022.Am.I.
100 ## - MAIN ENTRY--PERSONAL NAME
Personal name Amal Ahmed Taher Abd Elaal
245 ## - TITLE STATEMENT
Title Integrated Control of Root-Knot Nematode on Cucumber in Egypt and South Africa /
Statement of responsibility, etc. Amal Ahmed Taher Abd Elaal ; Fawzia Ibrahim Moursy , Amira Shawky Ahmed Soliman , Ashraf El-Said Mohamed Khalil .
246 ## - VARYING FORM OF TITLE
Title proper/short title المكافحة الكاملة لنيماتودا تعقد الجذور على خيار فى مصر و جنوب أفريقيا
260 ## - PUBLICATION, DISTRIBUTION, ETC.
Date of publication, distribution, etc. 2022.
336 ## - CONTENT TYPE
Source rda content
Content type term text
337 ## - MEDIA TYPE
Source rdamedia
Media type term Unmediated
338 ## - CARRIER TYPE
Source rdacarrier
Carrier type term volume
502 ## - DISSERTATION NOTE
Dissertation note Thesis (Ph.D)-Cairo University,2022.
504 ## - BIBLIOGRAPHY, ETC. NOTE
Bibliography, etc. note Bibliography: p. 108-116.
520 ## - SUMMARY, ETC.
Summary, etc. The survey was conducted in El-Behera (El-Nubaria), El-Ismailia (El-ksassien), El-Giza (El-Saf), El–Sharquia (El-Salhia) in two summer seasons.. Nine nematode genera of plant parasitic nematode were recorded in clouding to different soil types; Helicotylenchus, Heterodera, Longidorus, Meloidogyne, Paratylenchus, Pratylenchus, Rotylenchulus, Tylenchorhynchus and Xiphinema. Longidorus genus was absent in El-Behera, Xiphinema genus was absent in El-Sharquia. The genus Meloidogyne was recorded the highest frequency of occurrence in El-Behera and the highest population density in El-Sharquia. Governorates of El-Sharquia, El-Behera and El-Ismailia had the highest frequency of occurrence and population density while El-Giza Governorate was the lowest frequency of occurrence and population density of the genus Meloidogyne spp
650 ## - SUBJECT ADDED ENTRY--TOPICAL TERM
Topical term or geographic name entry element PHILOSOPHY
653 ## - INDEX TERM--UNCONTROLLED
Uncontrolled term Root-knot nematode M. incognita
700 ## - ADDED ENTRY--PERSONAL NAME
Personal name Fawzia Ibrahim Moursy
856 ## - ELECTRONIC LOCATION AND ACCESS
Uniform Resource Identifier <a href="http://172.23.153.220/th.pdf">http://172.23.153.220/th.pdf</a>
905 ## - LOCAL DATA ELEMENT E, LDE (RLIN)
Cataloger Mohamady
942 ## - ADDED ENTRY ELEMENTS (KOHA)
Koha item type Thesis
Source of classification or shelving scheme Dewey Decimal Classification
المقتنيات
Source of classification or shelving scheme Not for loan Home library Current library Date acquired Full call number Barcode Date last seen Koha item type
Dewey Decimal Classification   المكتبة المركزبة الجديدة - جامعة القاهرة قاعة الرسائل الجامعية - الدور الاول 11.02.2024 Cai01.16.03.ph.D.2022.Am.I. 01010110086429000 30.10.2023 Thesis
Cairo University Libraries Portal Implemented & Customized by: Eng. M. Mohamady Contacts: new-lib@cl.cu.edu.eg | cnul@cl.cu.edu.eg
CUCL logo CNUL logo
© All rights reserved — Cairo University Libraries
CUCL logo
Implemented & Customized by: Eng. M. Mohamady Contact: new-lib@cl.cu.edu.eg © All rights reserved — New Central Library
CNUL logo
Implemented & Customized by: Eng. M. Mohamady Contact: cnul@cl.cu.edu.eg © All rights reserved — Cairo National University Library